[Event "15th Delhi International GM Open-2017"]
[Site "New Delhi IND"]
[Date "2017.01.11"]
[Round "4"]
[White "P Shyaamnikhil"]
[Black "Arjun Erigaisi"]
[Result "1-0"]
[EventDate "2017.01.09"]
[WhiteElo "2446"]
[BlackElo "2270"]
[PlyCount "108"]

1. e4 e6 2. d4 d5 3. Nc3 Bb4 4. e5 c5 5. a3 Bxc3+ 6. bxc3 Ne7 7. Qg4 cxd4 8. Qxg7 Rg8 9. Qxh7 Qc7 10. Ne2 dxc3 11. h4 Nbc6 12. f4 d4 13. h5 Bd7 14. h6 O-O-O 15. Qd3 Kb8 16. h7 Rh8 17. Rb1 Bc8 18. Ng3 f6 19. exf6 Nf5 20. Ne4 e5 21. Qf3 Ka8 22. Bd3 Rxh7 23. Rxh7 Qxh7 24. g3 Qf7 25. Rb5 Qe6 26. g4 Nh4 27. Qg3 Qxg4 28. Qxg4 Bxg4 29. Kf2 a6 30. Rc5 Bf5 31. fxe5 Ng6 32. e6 Bxe6 33. Ng5 Nf8 34. Nxe6 Nxe6 35. Rf5 Kb8 36. f7 Kc7 37. Bh6 Nf8 38. Bg5 Ra8 39. Kf3 a5 40. Ke4 a4 41. Bb5 Kd6 42. Bxc6 bxc6 43. Kxd4 Kd7 44. Kxc3 Rb8 45. Re5 Ng6 46. Rf5 Nf8 47. Bh6 Ke7 48. Rf4 Ne6 49. f8=Q+ Nxf8 50. Bxf8+ Rxf8 51. Rxf8 Kxf8 52. Kb4 Ke7 53. Kxa4 Kd6 54. Kb4 1-0

[Event "2nd IIFL Wealth Mumbai Op"]
[Site "Mumbai IND"]
[Date "2017.01.02"]
[Round "8.7"]
[White "Arjun Erigaisi"]
[Black "Karen Emilyevich Movsziszian"]
[Result "0-1"]
[EventDate "2016.12.26"]
[WhiteElo "2309"]
[BlackElo "2523"]
[PlyCount "71"]

1. d4 d6 2. e4 Nf6 3. Nc3 Nbd7 4. Nf3 e5 5. Bc4 Be7 6. O-O O-O 7. h3 a6 8. a4 b6 9. Qe2 c6 10. Re1 Qc7 11. Bg5 h6 12. Be3 Bb7 13. dxe5 Nxe5 14. Bb3 b5 15. a5 Ng6 16. Bb6 Qb8 17. Nd4 b4 18. Na4 c5 19. Nf5 Re8 20. f3 Bf8 21. Qd2 d5 22. Bxc5 dxe4 23. Nd6 Bxd6 24. Bxd6 Qa7+ 25. Bc5 Qb8 26. Bd6 Qc8 27. Nb6 Qf5 28. Nxa8 exf3 29. Rf1 Ne4 30. Qxb4 f2+ 31. Kh2 Bxa8 32. Rad1 Ne5 33. Rd3 Nxd3 34. cxd3 Nxd6 35. Qxd6 Re1 36. Rxe1 0-1

[Event "2nd IIFL Wealth Mumbai Op"]
[Site "Mumbai IND"]
[Date "2017.01.01"]
[Round "7.6"]
[White "Arjun Erigaisi"]
[Black "Alberto David"]
[Result "1/2-1/2"]
[EventDate "2016.12.26"]
[WhiteElo "2309"]
[BlackElo "2574"]
[PlyCount "157"]

1. d4 Nf6 2. c4 e6 3. g3 d5 4. Nf3 Bb4+ 5. Bd2 Bd6 6. Qc2 O-O 7. Bg2 c6 8. O-O Nbd7 9. Bg5 h6 10. Bxf6 Nxf6 11. Nbd2 b6 12. e4 Be7 13. cxd5 cxd5 14. e5 Nd7 15. Qc6 Ba6 16. Rfc1 Rc8 17. Qa4 Nb8 18. Bf1 Bxf1 19. Nxf1 Qd7 20. Qxd7 Nxd7 21. Ne3 Rfd8 22. Kf1 Kf8 23. Ke2 Ke8 24. a4 Nb8 25. Nd2 Rc6 26. Nb3 Rdc8 27. f4 Rxc1 28. Rxc1 Nc6 29. Nc2 Kd7 30. Kd3 f6 31. Rf1 Rf8 32. Ne3 f5 33. Na1 Rb8 34. Nac2 b5 35. axb5 Rxb5 36. Kc3 Na5 37. Na1 g5 38. Rb1 Rb8 39. Rf1 h5 40. Rf2 h4 41. Rf1 g4 42. Rg1 Rh8 43. Rg2 a6 44. Rg1 Rc8+ 45. Kd3 Rb8 46. Kc3 Rh8 47. Kd3 Rc8 48. Rb1 hxg3 49. hxg3 Rh8 50. Rg1 Rh2 51. Nac2 Nb3 52. Rg2 Rh1 53. Rf2 a5 54. Rf1 Rh2 55. Rd1 a4 56. Kc3 Kc6 57. Nb4+ Kb5 58. Nbxd5 exd5 59. Nxd5 Bd8 60. e6 Re2 61. e7 Rxe7 62. Nxe7 Bxe7 63. Rh1 Bf6 64. Kd3 Bxd4 65. Rh5 Bxb2 66. Rxf5+ Nc5+ 67. Kc2 a3 68. Rf8 Kc4 69. Rc8 Kd5 70. Rg8 Bd4 71. Ra8 Bb2 72. Rg8 Na6 73. Rxg4 Nb4+ 74. Kb3 Nd3 75. Rg5+ Ke4 76. Ra5 Nc1+ 77. Kb4 a2 78. Rxa2 Nxa2+ 79. Kb3 1/2-1/2

[Event "2nd IIFL Wealth Mumbai Op"]
[Site "Mumbai IND"]
[Date "2016.12.29"]
[Round "4.8"]
[White "Chanda Sandipan"]
[Black "Arjun Erigaisi"]
[Result "1-0"]
[EventDate "2016.12.26"]
[WhiteElo "2593"]
[BlackElo "2309"]
[PlyCount "119"]

1. Nf3 Nf6 2. g3 d5 3. Bg2 e6 4. O-O Be7 5. b3 O-O 6. c4 c5 7. cxd5 Nxd5 8. Bb2 b6 9. Nc3 Bb7 10. Nxd5 Bxd5 11. Qc2 Nd7 12. e4 Bb7 13. d4 cxd4 14. Nxd4 Rc8 15. Qe2 Qc7 16. Rfd1 Nf6 17. e5 Nd5 18. Nb5 Qb8 19. Qg4 Ne3 20. fxe3 Rc2 21. Be4 Rxb2 22. Rd7 Qxe5 23. Bxb7 Bf6 24. Nxa7 Qxe3+ 25. Kh1 Qf2 26. Qh3 Rxa2 27. Rf1 Qe3 28. Bg2 Qxb3 29. Nc6 Ra1 30. Rxa1 Bxa1 31. Be4 g6 32. Qh6 Bf6 33. Qf4 Qc4 34. h4 Bg7 35. Rc7 Qe2 36. Bg2 b5 37. Kh2 Qd3 38. Rb7 Qc4 39. Qg5 h6 40. Qe7 Qd3 41. Rd7 Qc3 42. Rb7 Qd3 43. Qb4 Qc4 44. Qb1 Qe2 45. Rxb5 Bf6 46. Ra5 Kg7 47. Ra2 Qg4 48. Rf2 Bxh4 49. Qb2+ f6 50. Qb7+ Kg8 51. gxh4 Qxh4+ 52. Kg1 Qg5 53. Ne7+ Kh8 54. Qe4 Kg7 55. Qxe6 Qc1+ 56. Kh2 Qc5 57. Rxf6 Qc7+ 58. Kh1 Qc1+ 59. Bf1 Qd2 60. Nf5+ 1-0

[Event "2nd IIFL Wealth Mumbai Op"]
[Site "Mumbai IND"]
[Date "2016.12.27"]
[Round "2.3"]
[White "Vitaliy Bernadskiy"]
[Black "Arjun Erigaisi"]
[Result "1/2-1/2"]
[EventDate "2016.12.26"]
[WhiteElo "2540"]
[BlackElo "2309"]
[PlyCount "90"]

1. d4 Nf6 2. Nf3 e6 3. e3 c5 4. Bd3 b6 5. O-O Be7 6. c4 Bb7 7. Nc3 cxd4 8. exd4 d5 9. b3 O-O 10. Bb2 Nc6 11. Rc1 Rc8 12. Re1 Kh8 13. Bf1 Na5 14. Ne5 dxc4 15. bxc4 Nd7 16. Nxd7 Qxd7 17. Ne4 Ba6 18. d5 Nxc4 19. Bxc4 Bxc4 20. d6 Bd8 21. Qd4 e5 22. Qxe5 f5 23. Qf4 Bg8 24. Rxc8 Qxc8 25. Ng3 Bf6 26. Bxf6 Rxf6 27. Nh5 Qc3 28. Rd1 Rf7 29. h3 Rd7 30. Qxf5 Qc6 31. Qf8 Qc2 32. Re1 Qd2 33. Qe8 Rxd6 34. a4 Rd8 35. Qe5 Qd4 36. Qg3 Bf7 37. Nf4 Qxa4 38. Re7 Qa1+ 39. Kh2 Qf6 40. Rxa7 h6 41. Rb7 Re8 42. Nd3 Bc4 43. Nf4 Bf7 44. Nd3 Bc4 45. Nf4 Bf7 1/2-1/2

[Event "IND-ch U19 46th"]
[Site "Rajahmundry"]
[Date "2016.10.15"]
[Round "10"]
[White "Arjun Erigaisi"]
[Black "Y Grahesh"]
[Result "1-0"]
[EventDate "?"]
[WhiteElo "2307"]
[BlackElo "1910"]
[Source "chessbites.com; date by Chess Assistant 21"]
[PlyCount "66"]

1. Nf3 c5 2. c4 Nf6 3. Nc3 Nc6 4. g3 d5 5. d4 e6 6. cxd5 exd5 7. Bg2 Be7 8. O-O O-O 9. dxc5 Bxc5 10. Bg5 Be6 11. Rc1 Be7 12. Nd4 h6 13. Bf4 Nxd4 14. Qxd4 Qa5 15. Qd3 a6 16. Be5 Rfd8 17. e3 Nd7 18. Bd4 Bf6 19. Rfd1 Ne5 20. Qb1 Rd7 21. f4 Ng4 22. f5 Re7 23. Bxf6 Nxf6 24. fxe6 fxe6 25. Qd3 Qb6 26. Qd4 Qd8 27. Na4 b5 28. Nc5 Qb6 29. Nd3 Qa5 30. a3 Rf8 31. Ne5 Rb7 32. Bh3 Re8 33. Rc6 1-0

[Event "IND-ch U19 46th"]
[Site "Rajahmundry"]
[Date "2016.10.12"]
[Round "7"]
[White "A L Muthaiah"]
[Black "Arjun Erigaisi"]
[Result "0-1"]
[EventDate "?"]
[WhiteElo "2299"]
[BlackElo "2307"]
[Source "chessbites.com; date by Chess Assistant 21"]
[PlyCount "78"]

1. Nf3 Nf6 2. g3 d5 3. Bg2 e6 4. O-O Be7 5. c4 O-O 6. cxd5 exd5 7. d4 c6 8. Nc3 Bf5 9. Ne5 Nbd7 10. Nxd7 Qxd7 11. Bg5 Rfe8 12. Bxf6 Bxf6 13. e3 Re7 14. b4 a6 15. a4 Bg4 16. Qd3 h5 17. b5 h4 18. Rfc1 Bf5 19. Qd2 hxg3 20. hxg3 Bg5 21. bxc6 bxc6 22. a5 Rae8 23. Re1 Re6 24. Na4 Be7 25. Nb6 Qd8 26. Rec1 Rh6 27. Qe2 Bb4 28. Qxa6 Qg5 29. Qe2 Bg4 30. f3 Rxe3 31. Qf2 Bxf3 32. a6 Bxg2 33. Kxg2 Bd6 34. a7 Bxg3 35. Qxe3 Rh2+ 36. Kf3 Qh5+ 37. Kxg3 Qh3+ 38. Kf4 g5+ 39. Ke5 Qe6# 0-1

[Event "IND-ch U19 46th"]
[Site "Rajahmundry"]
[Date "2016.10.10"]
[Round "4"]
[White "Arjun Erigaisi"]
[Black "V Pranavananda"]
[Result "1-0"]
[EventDate "?"]
[WhiteElo "2307"]
[BlackElo "2199"]
[Source "chessbites.com; date by Chess Assistant 21"]
[PlyCount "60"]

1. d4 e6 2. c4 Nf6 3. Nc3 Bb4 4. e3 O-O 5. Ne2 c6 6. a3 Ba5 7. Qc2 d5 8. Ng3 Nbd7 9. Bd2 Re8 10. h3 e5 11. dxe5 Nxe5 12. cxd5 cxd5 13. Nb5 Nc4 14. Bxc4 dxc4 15. Rd1 a6 16. Nd6 Qxd6 17. Bxa5 Qc6 18. O-O b6 19. Bd2 b5 20. e4 b4 21. Be3 Be6 22. Ne2 Rec8 23. Bd4 Nd7 24. Qc1 c3 25. bxc3 b3 26. Nf4 Nb6 27. Nh5 Bc4 28. Nxg7 Bxf1 29. Nf5 Kf8 30. Qg5 1-0

[Event "World Junior Championship"]
[Site "Bhubaneswar IND"]
[Date "2016.08.21"]
[Round "13.31"]
[White "Arjun Erigaisi"]
[Black "Paul Robert Evangelista"]
[Result "0-1"]
[EventDate "2016.08.08"]
[WhiteElo "2337"]
[BlackElo "2020"]
[PlyCount "96"]

1. d4 d6 2. e4 Nf6 3. Nc3 e5 4. dxe5 dxe5 5. Qxd8+ Kxd8 6. Bg5 Be6 7. O-O-O+ Nd7 8. Nf3 Kc8 9. a3 Ng4 10. Bh4 f6 11. h3 Nh6 12. g4 g5 13. Bg3 Nf7 14. Be2 c6 15. Kb1 b5 16. a4 a6 17. b3 Bb4 18. Nd5 cxd5 19. exd5 Bf5 20. gxf5 bxa4 21. c3 Be7 22. b4 Nd6 23. h4 g4 24. Nd2 h5 25. Bd3 a5 26. Ka2 axb4 27. cxb4 Nb6 28. Rc1+ Kd7 29. Rc5 Rhc8 30. Rb1 Kd8 31. Be4 Nbc4 32. Nxc4 Nxe4 33. d6 Bxd6 34. Nxd6 Nxd6 35. Rd1 Ke7 36. Bxe5 fxe5 37. Rxe5+ Kd7 38. f6 Re8 39. Rxh5 Re2+ 40. Ka3 Ke6 41. Rd4 Rc2 42. b5 Rc3+ 43. Kb2 Rf3 44. Rxg4 a3+ 45. Ka1 Rxf2 46. Rg1 Nf5 47. Rd1 a2 48. b6 Nd4 0-1

[Event "World Junior Championship"]
[Site "Bhubaneswar IND"]
[Date "2016.08.20"]
[Round "12.29"]
[White "Alexis Tahay"]
[Black "Arjun Erigaisi"]
[Result "1-0"]
[EventDate "2016.08.08"]
[WhiteElo "2098"]
[BlackElo "2337"]
[PlyCount "93"]

1. e4 e6 2. d4 d5 3. Nd2 Nf6 4. e5 Nfd7 5. Bd3 c5 6. c3 Nc6 7. Ngf3 g6 8. h4 h6 9. Bc2 b6 10. a3 Ba6 11. Nf1 Rc8 12. Ne3 Qc7 13. b4 cxd4 14. cxd4 Bb5 15. Bd3 Nxd4 16. Nxd4 Qc3+ 17. Bd2 Qxd3 18. Nxb5 Qxb5 19. Rc1 Kd8 20. f4 Be7 21. Kf2 Qa6 22. Nc2 Rc4 23. Be3 b5 24. Nd4 Nb6 25. h5 Rxc1 26. Bxc1 Rg8 27. hxg6 Rxg6 28. f5 exf5 29. Nxf5 Qc8 30. Nxh6 Qc3 31. Rh3 Bh4+ 32. Kf1 Qc4+ 33. Kg1 Qe4 34. Qf1 Kc7 35. Nxf7 Bg3 36. Nd6 Qd4+ 37. Kh1 a6 38. Nf5 Qc4 39. Qxc4+ bxc4 40. Rxg3 Rxg3 41. Nxg3 d4 42. Ne2 d3 43. Nc3 Kd7 44. Be3 Nc8 45. Bc5 Ke6 46. Kg1 Kxe5 47. Kf2 1-0

[Event "World Junior Championship"]
[Site "Bhubaneswar IND"]
[Date "2016.08.19"]
[Round "11.25"]
[White "Arjun Erigaisi"]
[Black "Dravid Shailesh"]
[Result "1/2-1/2"]
[EventDate "2016.08.08"]
[WhiteElo "2337"]
[BlackElo "2224"]
[PlyCount "106"]

1. d4 Nf6 2. c4 e6 3. Nc3 Bb4 4. e3 b6 5. Ne2 Bb7 6. a3 Bd6 7. Qc2 c5 8. d5 exd5 9. cxd5 O-O 10. Nb5 Qe7 11. Nxd6 Qxd6 12. e4 Qe7 13. f3 d6 14. Kf2 Nbd7 15. Ng3 Ne5 16. Nf5 Qd8 17. Bf4 Bc8 18. Bxe5 dxe5 19. Ne3 Ne8 20. Bd3 Nd6 21. Rhc1 Bd7 22. Nc4 Qe7 23. a4 Rfc8 24. Qc3 Nxc4 25. Bxc4 Qd6 26. Qd3 Rc7 27. a5 Rb8 28. axb6 axb6 29. Qa3 b5 30. Be2 f5 31. Kg1 Rb6 32. Qe3 f4 33. Ra8+ Kf7 34. Qf2 h6 35. h3 c4 36. Kh1 Ra6 37. Rxa6 Qxa6 38. Qe1 Qd6 39. Qf2 g5 40. Bf1 Qa6 41. Qd2 Qd6 42. Qa5 Qc5 43. Qa6 Kg7 44. Qa8 Rc8 45. Qb7 Qc7 46. Qxc7 Rxc7 47. b3 c3 48. b4 Kf6 49. Bd3 Ke7 50. Kg1 h5 51. Kf2 Ra7 52. Rxc3 Ra2+ 53. Rc2 Rxc2+ 1/2-1/2

[Event "World Junior Championship"]
[Site "Bhubaneswar IND"]
[Date "2016.08.18"]
[Round "10.23"]
[White "Dimitrios Papakonstantinou"]
[Black "Arjun Erigaisi"]
[Result "1-0"]
[EventDate "2016.08.08"]
[WhiteElo "2180"]
[BlackElo "2337"]
[PlyCount "67"]

1. e4 e6 2. d4 d5 3. Nc3 Nf6 4. e5 Nfd7 5. f4 c5 6. Nf3 Nc6 7. Be3 Be7 8. g3 O-O 9. Bh3 Na5 10. O-O Nc4 11. Bc1 cxd4 12. Nxd4 Bc5 13. Na4 b6 14. Nxc5 bxc5 15. Nxe6 fxe6 16. Bxe6+ Kh8 17. Bxd5 Ba6 18. Re1 Ndb6 19. Be4 Qe8 20. b3 Rd8 21. Qg4 Nd2 22. Bg2 c4 23. Ba3 Rg8 24. Rad1 c3 25. Bd6 Qb5 26. a4 Qa5 27. f5 Nd7 28. Qb4 Qb6+ 29. Qxb6 Nxb6 30. a5 Nd7 31. Bb4 Rc8 32. Re3 Nxb3 33. Rxd7 Na1 34. Be4 1-0

[Event "World Junior Championship"]
[Site "Bhubaneswar IND"]
[Date "2016.08.17"]
[Round "9.15"]
[White "Arjun Erigaisi"]
[Black "N R Visakh"]
[Result "0-1"]
[EventDate "2016.08.08"]
[WhiteElo "2337"]
[BlackElo "2431"]
[PlyCount "84"]

1. d4 d5 2. c4 e6 3. Nc3 Bb4 4. cxd5 exd5 5. Bf4 Nf6 6. e3 O-O 7. Bd3 Nbd7 8. h3 c5 9. Ne2 c4 10. Bc2 b5 11. a4 bxa4 12. Bxa4 Bb7 13. O-O Nb6 14. Bc2 a5 15. Bg5 Be7 16. Na4 Nfd7 17. Bxe7 Qxe7 18. Nec3 Nxa4 19. Rxa4 Bc6 20. Ra2 Nf6 21. Qe2 Rfe8 22. Rfa1 Qd8 23. Qf3 Re7 24. Ba4 Bxa4 25. Rxa4 Re6 26. R1a2 g6 27. g3 Kg7 28. R2a3 Ra7 29. b3 cxb3 30. Rxb3 Rc7 31. Kg2 Qc8 32. Raa3 Ne4 33. Nxd5 Rc2 34. Nf4 Re8 35. Nd3 Nd2 36. Qf4 Qc6+ 37. Kg1 Re4 38. Qb8 Rc1+ 39. Nxc1 Qxc1+ 40. Kh2 Qf1 41. g4 Qxf2+ 42. Kh1 Nf1 0-1

[Event "World Junior Championship"]
[Site "Bhubaneswar IND"]
[Date "2016.08.15"]
[Round "8.14"]
[White "Aryan Gholami"]
[Black "Arjun Erigaisi"]
[Result "1/2-1/2"]
[EventDate "2016.08.08"]
[WhiteElo "2461"]
[BlackElo "2337"]
[PlyCount "85"]

1. d4 e6 2. c4 Nf6 3. Nf3 d5 4. Nc3 c6 5. e3 Nbd7 6. Qc2 Bd6 7. b3 O-O 8. Bb2 e5 9. h3 Re8 10. O-O-O e4 11. Nd2 Nf8 12. g4 Be6 13. Be2 a5 14. f3 exf3 15. Bxf3 Bb4 16. e4 Bxc3 17. Bxc3 a4 18. exd5 axb3 19. axb3 cxd5 20. g5 Ne4 21. Nxe4 dxe4 22. Bxe4 Qxg5+ 23. Kb1 Ng6 24. h4 Qh5 25. Rdf1 Bg4 26. d5 b6 27. d6 Rad8 28. Qf2 f6 29. Bd5+ Be6 30. Bc6 Bd7 31. Bd5+ Be6 32. Bc6 Bd7 33. Bf3 Bg4 34. Bd5+ Be6 35. d7 Rxd7 36. Bc6 b5 37. Bxd7 Bxd7 38. Re1 Rc8 39. Qd4 Bf5+ 40. Kb2 bxc4 41. Qd5+ Kh8 42. Qf7 Nf4 43. Qxh5 1/2-1/2

[Event "World Junior Championship"]
[Site "Bhubaneswar IND"]
[Date "2016.08.14"]
[Round "7.13"]
[White "Arjun Erigaisi"]
[Black "Shahin Lorparizangeneh"]
[Result "1/2-1/2"]
[EventDate "2016.08.08"]
[WhiteElo "2337"]
[BlackElo "2478"]
[PlyCount "119"]

1. d4 Nf6 2. c4 e6 3. Nc3 Bb4 4. e3 O-O 5. Ne2 d5 6. a3 Bd6 7. Ng3 c6 8. Bd3 e5 9. dxe5 Bxe5 10. cxd5 cxd5 11. O-O Nc6 12. f4 Bc7 13. Nh5 Nxh5 14. Qxh5 g6 15. Qf3 Ne7 16. Rd1 Be6 17. b4 Qc8 18. Ne2 Bg4 19. Qf2 Bb6 20. Bb2 Qe6 21. Bd4 Nc6 22. Bxb6 axb6 23. h3 Bxe2 24. Bxe2 Rfe8 25. Bf3 Qxe3 26. Bxd5 b5 27. Bxc6 bxc6 28. Re1 Qc3 29. Rec1 Qf6 30. Qf3 Qd4+ 31. Kh1 Re6 32. Ra2 Rae8 33. Kh2 Re1 34. Rxe1 Rxe1 35. Qf2 Re4 36. Qxd4 Rxd4 37. f5 gxf5 38. Kg3 Rc4 39. a4 Rxb4 40. a5 Rd4 41. a6 Rd8 42. Rc2 Rc8 43. a7 Ra8 44. Rxc6 Rxa7 45. Rb6 Ra3+ 46. Kf4 Rb3 47. Kxf5 Kg7 48. Rb7 Rb1 49. Kg5 b4 50. g4 b3 51. h4 b2 52. Kh5 Kf8 53. Rb8+ Ke7 54. Rb7+ Ke6 55. Rb6+ Ke5 56. Rb5+ Kd4 57. Rb8 Kc3 58. Rc8+ Kb3 59. Rb8+ Kc3 60. Rc8+ 1/2-1/2

[Event "World Junior Championship"]
[Site "Bhubaneswar IND"]
[Date "2016.08.13"]
[Round "6.10"]
[White "Cristobal Henriquez Villagra"]
[Black "Arjun Erigaisi"]
[Result "1/2-1/2"]
[EventDate "2016.08.08"]
[WhiteElo "2520"]
[BlackElo "2337"]
[PlyCount "48"]

1. d4 e6 2. c4 Nf6 3. Nf3 d5 4. Nc3 c6 5. e3 Nbd7 6. b3 Bd6 7. Bb2 O-O 8. Bd3 e5 9. dxe5 Nxe5 10. Nxe5 Bxe5 11. Qc2 Be6 12. O-O-O Qa5 13. f4 dxc4 14. bxc4 Bc7 15. h3 b5 16. Ne4 Nxe4 17. Bxe4 bxc4 18. Bxh7+ Kh8 19. f5 Be5 20. Bxe5 Qxe5 21. fxe6 Qxe3+ 22. Qd2 Qa3+ 23. Qb2 Qe3+ 24. Qd2 Qa3+ 1/2-1/2

[Event "World Junior Championship"]
[Site "Bhubaneswar IND"]
[Date "2016.08.12"]
[Round "5.13"]
[White "Arjun Erigaisi"]
[Black "Seyed Khalil Mousavi"]
[Result "1/2-1/2"]
[EventDate "2016.08.08"]
[WhiteElo "2337"]
[BlackElo "2422"]
[PlyCount "175"]

1. d4 Nf6 2. c4 e6 3. Nc3 Bb4 4. e3 O-O 5. Ne2 d5 6. a3 Be7 7. cxd5 exd5 8. Nf4 c6 9. Bd3 Re8 10. O-O Nbd7 11. Qc2 b6 12. b4 Bb7 13. Rb1 Rc8 14. Bd2 Qc7 15. Rfc1 Bd6 16. h3 a6 17. Qb3 Qd8 18. a4 b5 19. a5 Ne4 20. Nxe4 dxe4 21. Be2 Nf6 22. Rc2 g6 23. Rd1 Qd7 24. d5 Nxd5 25. Nxd5 cxd5 26. Bc3 Qe7 27. Rdc1 Be5 28. Bxe5 Qxe5 29. Rxc8 Rxc8 30. Rxc8+ Bxc8 31. Qc2 Qa1+ 32. Kh2 Qe5+ 33. Kg1 Bd7 34. Qc5 h5 35. Qb6 Qe6 36. Qb8+ Kg7 37. Qa7 Qc6 38. Bd1 Be6 39. Qd4+ Kf8 40. Bb3 Ke7 41. Qa7+ Kd8 42. Qb8+ Kd7 43. Qa7+ Kc8 44. Qd4 Kb7 45. Kh1 h4 46. Kg1 Qc1+ 47. Kh2 Qc7+ 48. Kg1 Kc6 49. Bxd5+ Bxd5 50. Qc5+ Kd7 51. Qxd5+ Qd6 52. Qxf7+ Kc6 53. Qe8+ Kd5 54. Qa8+ Ke5 55. Qh8+ Ke6 56. Qg8+ Kf6 57. Qh8+ Ke6 58. Qxh4 Qxb4 59. Qg3 Kf6 60. Qf4+ Ke6 61. g4 Qxa5 62. Qxe4+ Kf6 63. Qc6+ Kg7 64. Qd7+ Kf8 65. Qd6+ Kf7 66. g5 Qa1+ 67. Kg2 a5 68. e4 Kg7 69. Qd7+ Kg8 70. Qxb5 a4 71. e5 Qd4 72. Qe8+ Kg7 73. Qe7+ Kg8 74. Qe6+ Kh8 75. Qf6+ Kh7 76. Qf7+ Kh8 77. Qxg6 Qxe5 78. Qh6+ Kg8 79. Qg6+ Kh8 80. Qh5+ Kg8 81. Qg4 Qd5+ 82. Kg1 Qb3 83. g6 Kg7 84. Qh5 Qb1+ 85. Kh2 Qxg6 86. Qe5+ Qf6 87. Qc7+ Kh6 88. Qc1+ 1/2-1/2

[Event "World Junior Championship"]
[Site "Bhubaneswar IND"]
[Date "2016.08.11"]
[Round "4.12"]
[White "Tran Tuan Minh"]
[Black "Arjun Erigaisi"]
[Result "1/2-1/2"]
[EventDate "2016.08.08"]
[WhiteElo "2473"]
[BlackElo "2337"]
[PlyCount "113"]

1. d4 e6 2. c4 Nf6 3. Nc3 Bb4 4. e3 b6 5. Ne2 c5 6. a3 Ba5 7. Bd2 O-O 8. g3 cxd4 9. exd4 Bb7 10. d5 Bxc3 11. Nxc3 exd5 12. Bg2 Qc8 13. cxd5 Ba6 14. Be3 d6 15. Rc1 Qf5 16. b4 Bd3 17. h3 Nbd7 18. g4 Qg6 19. Ne2 Bxe2 20. Qxe2 h5 21. g5 Ne4 22. h4 f5 23. Bf3 f4 24. Bd4 Rae8 25. Bxh5 Qf5 26. Bxe8 Rxe8 27. Rg1 Nef6 28. gxf6 Rxe2+ 29. Kxe2 Qe4+ 30. Kf1 Qd3+ 31. Ke1 g6 32. h5 Qe4+ 33. Kf1 Qd3+ 34. Ke1 Nf8 35. hxg6 Nxg6 36. Rc8+ Kf7 37. Rc7+ Ke8 38. Rxg6 Qxg6 39. Kd2 Qf5 40. Rxa7 Qxd5 41. Kd3 b5 42. Rc7 Qf3+ 43. Kd2 Qxa3 44. Bc3 Qa2+ 45. Kd3 Qxf2 46. Rc8+ Kf7 47. Rc7+ Kg6 48. f7 Qe3+ 49. Kc2 Qe4+ 50. Kd2 Qf5 51. Rd7 d5 52. Ke1 Qb1+ 53. Kd2 Qf5 54. Ke1 Qe4+ 55. Kd2 Qf5 56. Ke1 Qe4+ 57. Kd2 1/2-1/2

[Event "World Junior Championship"]
[Site "Bhubaneswar IND"]
[Date "2016.08.10"]
[Round "3.26"]
[White "Arjun Erigaisi"]
[Black "Shreyes Subramaniam"]
[Result "1-0"]
[EventDate "2016.08.08"]
[WhiteElo "2337"]
[BlackElo "1863"]
[PlyCount "89"]

1. d4 d5 2. c4 e6 3. Nc3 Nf6 4. cxd5 exd5 5. Bg5 Be7 6. e3 h6 7. Bh4 O-O 8. Bd3 c6 9. Qc2 Na6 10. Bxa6 bxa6 11. Nf3 Be6 12. O-O Rc8 13. Na4 Ne4 14. Bxe7 Qxe7 15. Nd2 Nd6 16. Nc5 Bg4 17. Rfc1 Qg5 18. Nf1 a5 19. b3 h5 20. f4 Qe7 21. Qd2 Rfe8 22. h3 Bf5 23. Qxa5 g5 24. fxg5 Qxg5 25. Kh2 Kh8 26. Qe1 Rg8 27. Qg3 Qf6 28. Qf4 Rg6 29. a4 Rcg8 30. Ra2 Qg7 31. g3 h4 32. g4 Bxg4 33. hxg4 Rxg4 34. Qe5 Qxe5+ 35. dxe5 Nf5 36. Rf2 Ng3 37. Rcc2 R8g5 38. e6 fxe6 39. Nxe6 Re5 40. Rxc6 Nf5 41. Nf8 Ne7 42. Rh6+ Kg7 43. Rh7+ Kg8 44. Nd7 Re6 45. Rxe7 1-0

[Event "World Junior Championship"]
[Site "Bhubaneswar IND"]
[Date "2016.08.09"]
[Round "2.29"]
[White "Kundu Subhayan"]
[Black "Arjun Erigaisi"]
[Result "0-1"]
[EventDate "2016.08.08"]
[WhiteElo "2189"]
[BlackElo "2337"]
[PlyCount "68"]

1. e4 e6 2. d4 d5 3. Nc3 Nf6 4. e5 Nfd7 5. f4 c5 6. Nf3 Nc6 7. Be3 Be7 8. Qd2 O-O 9. dxc5 Bxc5 10. O-O-O Qa5 11. a3 Rb8 12. Bxc5 Qxc5 13. Bd3 h6 14. g4 b5 15. b4 Qb6 16. Bxb5 a5 17. Bxc6 axb4 18. axb4 Qxc6 19. b5 Qc7 20. Qd4 Nb6 21. Rhg1 Bd7 22. g5 h5 23. g6 Rbc8 24. gxf7+ Rxf7 25. Kd2 Nc4+ 26. Ke2 Na3 27. Kd2 Nxb5 28. Nxb5 Qxc2+ 29. Ke1 Bxb5 30. Rd2 Qf5 31. Rg5 Rc1+ 32. Kf2 Qh3 33. Rg3 Qf1+ 34. Ke3 Rc4 0-1

[Event "World Junior Championship"]
[Site "Bhubaneswar IND"]
[Date "2016.08.08"]
[Round "1.2"]
[White "Arjun Erigaisi"]
[Black "Jeffery Xiong"]
[Result "0-1"]
[EventDate "2016.08.08"]
[WhiteElo "2337"]
[BlackElo "2633"]
[PlyCount "104"]

1. d4 Nf6 2. c4 e6 3. Nc3 Bb4 4. e3 O-O 5. Ne2 c6 6. a3 Ba5 7. g3 d5 8. b4 Bc7 9. cxd5 exd5 10. Bg2 a6 11. O-O Nbd7 12. f3 a5 13. Rb1 axb4 14. axb4 b5 15. e4 Nb6 16. e5 Ne8 17. Rb2 Nc4 18. Ra2 Rxa2 19. Nxa2 Bb6 20. Kh1 f6 21. f4 Bg4 22. Nac3 Qd7 23. Qd3 Nc7 24. Ng1 Qf5 25. Qxf5 Bxf5 26. Nf3 Na6 27. exf6 gxf6 28. h3 Re8 29. g4 Bd3 30. Re1 Rxe1+ 31. Nxe1 Nxb4 32. Nf3 Nc2 33. f5 b4 34. Na4 Be4 35. Nxb6 Nxb6 36. Nd2 Bxg2+ 37. Kxg2 Nxd4 38. Bb2 c5 39. Bxd4 cxd4 40. Kf2 Nc4 41. Nb3 d3 42. Nc5 d2 43. Ke2 Kf7 44. Nb3 Ke7 45. Nd4 Kd6 46. Kd1 Kd7 47. Ke2 Ke8 48. Kd1 Kf7 49. Ke2 h5 50. Kd1 Kg7 51. Ne6+ Kh6 52. Nc7 d4 0-1

[Event "9th Mayors Cup Open"]
[Site "Mumbai IND"]
[Date "2016.06.09"]
[Round "10"]
[White "R Prajesh"]
[Black "Arjun Erigaisi"]
[Result "0-1"]
[EventDate "2016.06.02"]
[WhiteElo "1976"]
[BlackElo "2351"]
[PlyCount "110"]

1. d4 e6 2. c4 Nf6 3. Nf3 d5 4. Nc3 c6 5. g3 dxc4 6. Bg2 b5 7. Ne5 Qb6 8. a4 Bb7 9. e4 a6 10. O-O Be7 11. d5 O-O 12. d6 Bd8 13. Be3 c5 14. b4 cxb3 15. axb5 axb5 16. Rxa8 Bxa8 17. Nd3 Nbd7 18. Qxb3 Qxd6 19. Qxb5 Be7 20. e5 Nxe5 21. Bxc5 Qxd3 22. Qxd3 Nxd3 23. Bxe7 Bxg2 24. Kxg2 Rc8 25. Bxf6 gxf6 26. Ne2 Rc2 27. Kf3 Ne5+ 28. Ke3 Rb2 29. h3 Rb3+ 30. Kd2 Nc4+ 31. Kc2 Rf3 32. Kc1 e5 33. Ng1 Ra3 34. Kc2 Rxg3 35. fxg3 Ne3+ 36. Kd3 Nxf1 37. g4 h5 38. Ke2 Ng3+ 39. Kf2 Ne4+ 40. Ke3 Nd6 41. gxh5 f5 42. Nf3 f6 43. Ne1 Kg7 44. Nd3 Kh6 45. Nc5 Kxh5 46. Kf3 Kh4 47. Kg2 f4 48. Nd7 Ne8 49. Nf8 e4 50. Ne6 f3+ 51. Kh2 Nd6 52. Nd4 f5 53. Nc2 f4 54. Nd4 0-1

[Event "9th Mayors Cup Open"]
[Site "Mumbai IND"]
[Date "2016.06.08"]
[Round "9"]
[White "Arjun Erigaisi"]
[Black "Aniruddha Deshpande"]
[Result "1/2-1/2"]
[EventDate "2016.06.02"]
[WhiteElo "2351"]
[BlackElo "2230"]
[PlyCount "70"]

1. d4 d5 2. c4 c6 3. Nc3 Nf6 4. e3 e6 5. Nf3 Nbd7 6. Bd3 dxc4 7. Bxc4 b5 8. Bd3 Bd6 9. O-O O-O 10. Bd2 Bb7 11. Rc1 a6 12. Ne4 Nxe4 13. Bxe4 Rc8 14. b4 Nf6 15. Bb1 a5 16. a3 axb4 17. axb4 Nd7 18. Bc3 Qe7 19. Qb3 Ra8 20. Ne5 Bxe5 21. dxe5 c5 22. bxc5 Nxc5 23. Qc2 Be4 24. Qe2 Qb7 25. f3 Bxb1 26. Rxb1 Na4 27. Bd4 b4 28. Rb3 Rfc8 29. Rfb1 Rab8 30. Rxb4 Qxb4 31. Rxb4 Rxb4 32. Qa6 Rbc4 33. h4 Nc3 34. Kf2 Nd5 35. g4 1/2-1/2

[Event "9th Mayors Cup Open"]
[Site "Mumbai IND"]
[Date "2016.06.07"]
[Round "8"]
[White "Krishna Teja, N"]
[Black "Arjun Erigaisi"]
[Result "1/2-1/2"]
[EventDate "2016.06.02"]
[WhiteElo "2238"]
[BlackElo "2351"]
[PlyCount "90"]

1. d4 d5 2. c4 c6 3. Nf3 Nf6 4. e3 e6 5. Nc3 Nbd7 6. Bd3 dxc4 7. Bxc4 b5 8. Be2 Bb7 9. O-O Be7 10. e4 b4 11. e5 bxc3 12. exf6 Bxf6 13. bxc3 c5 14. dxc5 Nxc5 15. Bb5+ Kf8 16. Qxd8+ Rxd8 17. Ba3 Be7 18. Rfd1 Rxd1+ 19. Rxd1 Bxf3 20. gxf3 g6 21. Rd4 Kg7 22. Rc4 Rc8 23. Bb4 e5 24. Kg2 Kf8 25. Ba6 Rc7 26. Bxc5 Rxc5 27. Rxc5 Bxc5 28. Bc4 Ba3 29. Bd5 Bb2 30. c4 Bd4 31. Kg3 Ke7 32. Kg2 h6 33. Kf1 f5 34. Ke2 g5 35. Bg8 Kd6 36. Bh7 f4 37. Bg8 Bc5 38. h3 h5 39. Bf7 h4 40. Be8 Kc7 41. a4 Kb6 42. Kd3 Bxf2 43. Ke4 Kc5 44. Kxe5 Kxc4 45. Kf5 Kd4 1/2-1/2